000 00301nam a22001337a 4500
003 OSt
005 20211229082531.0
008 211229b |||||||| |||| 00| 0 eng d
040 _cH.U
082 _a005.4'476
100 _aVilleneuve Arnold
_925838
245 _aNet Ware to NT
942 _2ddc
_cBOOKS
_n0
999 _c24750
_d24750